000 00821cam a22001934a 4500
005 20250605164042.0
008 250528s ||||||||||||||||||||||||d
035 _a17014
020 _a639783
040 _aGR-AtMCL
_bgre
_dGR-AtMCL
_eAACR2
245 1 _aUnderstanding Other Cultures
260 _bPrentice Hall,
_c1963
300 _a184
520 _aThis book has been written for the general reader to clarify the hows and whys of the many cultures which surround us. Man and Culture, The Work of the World, How People Live Together, From Birth to Death, The Embroidery of Life, How Do They Define It, The System of Values, Religion in Culture, The Long Road, Peoples in Transition, Notes and References, Bibliography.
700 1 _aBrown Corinne Ina
_93146
942 _cBK
999 _c2455
_d2455